000 00817nam a22002177a 4500
003 UA-OsUOA
001 77256
007 ta
008 20110906b un ||||| |||| 00| 0 ukr d
100 _aАфанасьева О.М.
090 _a659
_bА94
942 _cSA
040 _aUA-OsUOA
_brus
_cUA-OsUOA
_dUA-OsUOA
245 _aРедакторский анализ текстов СМИ: лингвоэтический аспект
300 _aС.45-54
955 _a0
041 _arus
080 _a659
773 0 _w77253
_tВестник Московского университета. Серия 10. Журналистика
_dМ.
_d2011
_g2
650 7 _a659 Реклама. Система інформації. Громадська інформація та реклама (Паблик-Рилейшнз)
_2UDC
999 _c363563
_d363563